000 00382nam a2200133Ia 4500
008 151001s9999||||xx |||||||||||||| ||und||
100 _aसदाशिव आठवले
245 _aराणा प्रताप
250 _a1
260 _bश्रीविद्या प्रकाशन पुणे
260 _c2001
300 _a146
365 _b21
999 _c978269
_d978266